Score 0/26 Timer 02:00
2 Plays Today
Title 'H Word' % Correct
_____ PankyHanky
96.5%
Don't Worry, Be _____Happy
96.5%
I _____ It Through the GrapevineHeard
96.3%
_____ PokeyHokey
95.2%
_____ Tonk WomanHonky
95%
_____, I Shrunk the KidsHoney
92.7%
Starsky & _____Hutch
92.5%
_____ of GlassHeart
89.1%
The _____ WhispererHorse
87.5%
Big Momma's _____House
87.2%
_____ RwandaHotel
86.9%
I'm _____ the VIII I AmHenry
86.6%
_____, Dolly!Hello
84.1%
Title 'H Word' % Correct
Put Your _____ Up for DetroitHands
82.8%
Everybody _____Hurts
80.8%
The _____ Have EyesHills
80.8%
You Can't _____ LoveHurry
79.6%
Dirty _____Harry
77.9%
He Ain't _____, He's My BrotherHeavy
72.6%
127 _____Hours
71.1%
Sister Act 2: Back in the _____Habit
66.5%
Prizzi's _____Honor
62.2%
My _____Humps
55%
_____ TouchHuman
49.2%
_____ Moving CastleHowl's
43%
_____: A Dog's TaleHachi
14.6%

Today's Daily Dose

You're not logged in!

Compare scores with friends on all Sporcle quizzes.
OR
Log In

Sporcle TV

Today on Sporcle TV


Watch our educational content, quiz creation guides, and fun videos on Sporcle TV.

Show Comments

Extras

Top Quizzes Today


Score Distribution

Paid Content

Your Account Isn't Verified!

In order to create a playlist on Sporcle, you need to verify the email address you used during registration. Go to your Sporcle Settings to finish the process.

Report this User

Report this user for behavior that violates our Community Guidelines.

Details: